00783cam a22002651 4500001001300000003000400013005001700017008004100034010001700075035002000092040001700112042001200129050002400141100004200165245001600207260004200223300001900265500002500284500004500309600006200354650001600416650002500432752002200457752003800479he 67002045 DLC20260227111451.0831214s1963 nyu 000 0 heb  ahe 67002045  a(OCoLC)19140039 aDLCcMHdDLC apremarc00aBM520.88b.A85 19631 aAuerbach, Meir ben Isaac,d1815-1878.10aImre binah. aNew York :bGrossman,c[1963 or 1964] a2 v. ;c34 cm. aVol. 1 without date. aPhoto-offset of Jerusalem, 1871-1876 ed.10aKaro, Joseph ben Ephraim,d1488-1575.tShulḥan ʻarukh. 0aJewish law. 0aResponsay1800-1948. aIsraeldJerusalem aUnited StatesbNew YorkdNew York